Inovatívne technológie spracovania pôdy vo vzťahu k pôdnej úrodnosti

Analýza zmien vybraných pôdnych vlastností pri alternatívnych spôsoboch obrábania fluvizeme glejovej a ekonomicky hodnotenej schopnosti pôdy sprístupňovať živity a bilancia organického uhlíka pri rôznych prípravách pôdy.

Gespeichert in:
Bibliographische Detailangaben
1. Verfasser: Vavrinčík, Pavel
Weitere Verfasser: Šoltysová, Božena, Danilovič, Martin
Format: Buchkapitel
Sprache:Slowakisch
Schlagworte:
Tags: Tag hinzufügen
Keine Tags, Fügen Sie das erste Tag hinzu!

MARC

LEADER 00000naa$a2200000$$$4500
001 0110257
005 20240502072220.4
041 0 |a slo 
044 |a SK 
245 1 0 |a Inovatívne technológie spracovania pôdy vo vzťahu k pôdnej úrodnosti  |c Pavel Vavrinčík, Božena Šoltysová, Martin Danilovič 
520 |a Analýza zmien vybraných pôdnych vlastností pri alternatívnych spôsoboch obrábania fluvizeme glejovej a ekonomicky hodnotenej schopnosti pôdy sprístupňovať živity a bilancia organického uhlíka pri rôznych prípravách pôdy. 
610 2 0 |a stratégia inovačná 
610 2 0 |a rozvoj trvalo udržateľný 
610 2 0 |a hnojivá 
610 2 0 |a pôda poľnohospodárska 
100 1 |a Vavrinčík, Pavel 
700 1 |a Šoltysová, Božena 
700 1 |a Danilovič, Martin